000 00472nam a22001457a 4500
003 MACL
005 20170624124016.0
008 170624b xxu||||| |||| 00| 0 eng d
040 _c MACL
100 _aवाजपेयी, हरीश
_967805
245 _aबोधि वृक्ष की छांव में
260 _aदिल्‍ली
_bनव प्रभात साहित्‍य
_c2017
650 _aनाटक
_967806
942 _2ddc
_cHIN
999 _c56648
_d56648